书目信息 |
| 题名: |
特诊特治糖尿病
|
|
| 作者: | 柴可夫 , 钱俊文 编著 | |
| 分册: | ||
| 出版信息: | 北京 科学技术文献出版社 2007.05 |
|
| 页数: | 439页 | |
| 开本: | 21cm | |
| 丛书名: | ||
| 单 册: | ||
| 中图分类: | R587.1 | |
| 科图分类: | ||
| 主题词: | 糖尿病--tang niao bing--中西医结合--诊疗 | |
| 电子资源: | ||
| ISBN: | 978-7-5023-5592-0 | |
| 000 | 00890nam0 2200253 450 | |
| 001 | 012008558156 | |
| 005 | 20080509143902.39 | |
| 010 | @a978-7-5023-5592-0@dCNY20.00 | |
| 100 | @a20080508d2007 em y0chiy0120 ea | |
| 101 | 0 | @achi |
| 102 | @aCN@b110000 | |
| 105 | @ay a 000yy | |
| 106 | @ar | |
| 200 | 1 | @a特诊特治糖尿病@Ate zhen te zhi tang niao bing@f柴可夫, 钱俊文编著@Fchai ke fu,qian jun wen bian zhu |
| 210 | @a北京@c科学技术文献出版社@d2007.05 | |
| 215 | @a439页@d21cm | |
| 320 | @a有书目 (第438-439页) | |
| 330 | @a本书介绍了糖尿病易感人群的防治,对糖尿病患者的早期诊断,及时正确治疗、急慢性并发症的防治已成为广大群众、临床医生的艰巨任务。 | |
| 606 | 0 | @a糖尿病@Atang niao bing@x中西医结合@x诊疗 |
| 690 | @aR587.1@v4 | |
| 701 | 0 | @a柴可夫@Achai ke fu@4编著 |
| 701 | 0 | @a钱俊文@Aqian jun wen@4编著 |
| 801 | 0 | @aCN@bQSSK@c20080509 |
| 905 | @b707300-01@dR587.1@eC204@f2 | |
| 特诊特治糖尿病/柴可夫, 钱俊文编著.-北京:科学技术文献出版社,2007.05 |
| 439页;21cm |
| ISBN 978-7-5023-5592-0:CNY20.00 |
| 本书介绍了糖尿病易感人群的防治,对糖尿病患者的早期诊断,及时正确治疗、急慢性并发症的防治已成为广大群众、临床医生的艰巨任务。 |
| ● |
| 相关链接 |
|
|
|
正题名:特诊特治糖尿病
索取号:R587.1/C204
 
预约/预借
| 序号 | 登录号 | 条形码 | 馆藏地/架位号 | 状态 | 备注 |
| 1 | 707300 | 207073003 | 自科库401/401自科库 19排1列1层/ [索取号:R587.1/C204] | 在馆 | |
| 2 | 707301 | 207073012 | 自科库401/401自科库 19排1列1层/ [索取号:R587.1/C204] | 在馆 |